| 000 | 01318nam a2200361 a 4500 | ||
|---|---|---|---|
| 001 | 000109020 | ||
| 003 | CHAP | ||
| 005 | 20220329144034.0 | ||
| 008 | 140328s2013 mx sm |||||||spa d | ||
| 010 | _a105482 | ||
| 011 | _a106454 | ||
| 040 | _cCHAP | ||
| 090 | _aTesis | ||
| 100 | 1 |
_aBarrón Reséndiz, Jorge Luis _9126126 |
|
| 245 | 1 | 0 |
_aProyecto de creación de una empresa social de servicios agrícolas para la producción rural en San José la Laja, Tequisquiapan, Qro. _h[En línea] _cpor Jorge Luis Barrón Reséndiz. |
| 260 |
_aChapingo, Méx. : _bEl autor, _c2013. |
||
| 500 | _aPara ver el contenido del material haga clic en la liga | ||
| 502 | _aTesis (Ing. en Recursos Naturales Renovables) -- UACH. Departamento de Suelos | ||
| 590 |
_aBATCH-UPD _b05 _c20141002 _lUCH01 _h0859 |
||
| 590 |
_aBATCH _b00 _c20181121 _lUCH01 _h0758 |
||
| 590 |
_aE6096MTM _b05 _c20140328 _lUCH01 _h1139 |
||
| 590 |
_aE6096MTM _b05 _c20140328 _lUCH01 _h1140 |
||
| 650 | 1 | 4 |
_aAgricultores. _91169 |
| 650 | 1 | 4 |
_aEmpresas agropecuarias. _936649 |
| 650 | 1 | 4 |
_aLabranza cero. _964307 |
| 650 | 1 | 4 |
_aProyectos _xFinanciamiento. _992526 |
| 650 | 1 | 4 |
_aServicios _9105327 |
| 856 |
_a1 _n0000809 |
||
| 856 |
_aFinding aid _uhttp://10.13.5.2/tesis/sist109020.pdf _zTeclea aquí |
||
| 901 | _aBK | ||
| 942 | _cTESIS | ||
| 942 | _n0 | ||
| 999 |
_c105482 _d105482 |
||